| 000 | 00687nam a2200193 a 4500 | ||
|---|---|---|---|
| 005 | 20210223125914.0 | ||
| 008 | 060504s2002 es r 000 0 spa d | ||
| 020 | _a844601985X | ||
| 035 | _aUPN01000144248 | ||
| 049 | _aCG | ||
| 050 | 4 |
_aKKT3025 _bL4.9 |
|
| 245 | 0 | 3 |
_aLa ley de extranjería a la luz de las obligaciones de España en derechos humanos / _ccoord. Juan Antonio Carrillo Salcedo. |
| 260 |
_aMadrid : _bAkal : _bUniversidad Internacional de Andalucía, _c2002. |
||
| 300 | _a236 p. | ||
| 440 | 0 |
_aSociedad, cultura y educación ; _v7 |
|
| 650 | 4 |
_aEXTRANJEROS - _xDERECHOS CIVILES - _zESPAÑA _918035 |
|
| 700 | 1 |
_aCarrillo Salcedo, Juan Antonio, _ecoord. |
|
| 905 | _aLibro | ||
| 999 |
_c116395 _d116395 |
||